Statystyki dla Nazwij pasujące Europejskie państwo #2

Kliknij tutaj aby rozwiązać quiz!

Ogólne statystyki

  • Ten quiz został rozwiązany 223 razy
  • Średni wynik to 9 z 10

Statystyki odpowiedzi

Nazwij europejskie
państwo
Państwo% Poprawnych
które ma mniejszą powierzchnię
niż Andora
Liechtenstein | Malta | Monako | San Marino | Watykan
96%
które jest położone na półwyspie
Apenińskim
San Marino | Watykan | Włochy
95%
którego stolica jest większa od
Berlina (populacja)
Rosja | Wielka Brytania
91%
którego powierzchnia jest
większa od powierzchni Szwecji
Francja | Hiszpania | Rosja | Ukraina
90%
które ma stolicę nad
morzem / ocean
Dania | Estonia | Finlandia | Grecja | Holandia | Irlandia | Islandia | Łotwa | Monako | Norwegia | Portugalia | Szwecja | Wielka Brytania | Włochy
89%
którego stolica leży nad DunajemAustria | Serbia | Słowacja | Węgry
86%
które ma dostęp do morza
Adriatyckiego
Albania | Bośnia i Hercegowina | Chorwacja | Czarnogóra | Słowenia | Włochy
84%
które powstało po roku 2000Czarnogóra | Serbia
80%
którego stolica ma 1 sylabęBiałoruś | Włochy
71%
którego walutą jest lejMołdawia | Rumunia
68%

Rozkład punktacji

Percentyl według liczby udzielonych odpowiedzi

Procent ludzi z każdym wynikiem

Twoja historia wyników

Nie rozwiązałeś tego quizu